00733nam a2200181 a 450000100060000000300090000600800410001504000280005608200180008410000330010224500450013526000600018030000090024050501840024965000310043365000380046465000490050222505CO-ViMGA141112s2004 ck r 000 u spa d aCO-ViMGAbspacCO-ViMGA04a351.841 B176c1 aBaron Leguizamón, Gilberto10aCuentas de salud de colombia 1993 - 2003 aBogotá : bMinisterio de la Proteccion Social, c2007 a246p aQue son las cuentas de la salud? 21 - 49 - - Financiacion del sistema colombiano de seguridad social en salud 53 - 66 - - Resultados de las cuentas de salud 1993 - 2003 89 - 128 14aGASTOS PUBLICOS - COLOMBIA14aSALUD PUBLICA - COSTOS - COLOMBIA14aSISTEMA GENERAL DE SEGURIDAD SOCIAL EN SALUD